Microeconomics, (Record no. 5439)

MARC details
005 - DATE AND TIME OF LATEST TRANSACTION
control field 20250626161444.0
020 ## - INTERNATIONAL STANDARD BOOK NUMBER
International Standard Book Number 13:978-0-321-36925-3
082 ## - DEWEY DECIMAL CLASSIFICATION NUMBER
Classification number 338.5LIP.
100 ## - MAIN ENTRY--PERSONAL NAME
Author name LIPSEY, R. G.
245 ## - TITLE STATEMENT
Title Microeconomics,
250 ## - EDITION STATEMENT
Edition statement 13th Ed.
260 ## - PUBLICATION, DISTRIBUTION, ETC.
Place of publication, distribution, etc. New York,
Name of publisher, distributor, etc. Pearson Addison Wesley,
Date of publication, distribution, etc. 2008.
300 ## - PHYSICAL DESCRIPTION
Extent xxxi.; 858p.; Ill.; picture.
Other physical details Glossary, Index,
Dimensions 25cm.
700 ## - ADDED ENTRY--PERSONAL NAME
Other authors/Editors RAGAN, C. T. S. & STORER, P. A.
942 ## - ADDED ENTRY ELEMENTS (KOHA)
Source of classification or shelving scheme Dewey Decimal Classification
Koha item type Books
Holdings
Date last seen Total checkouts Full call number Barcode Cost, replacement price Price effective from Koha item type Lost status Source of classification or shelving scheme Damaged status Not for loan Withdrawn status Home library Current library Shelving location Date acquired Cost, normal purchase price
06/26/2025   338.5LIP DOM0002604 255000.00 06/26/2025 Books   Dewey Decimal Classification       CBE Dodoma CBE Dodoma General Collection 03/24/2014 85000.00
06/26/2025   338.5LIP DOM0002605 255000.00 06/26/2025 Books   Dewey Decimal Classification       CBE Dodoma CBE Dodoma General Collection 03/24/2014 85000.00
06/27/2025   338.5 LIP DOM0003184 255000.00 06/27/2025 Books   Dewey Decimal Classification       CBE Dodoma CBE Dodoma General Collection 03/24/2014 85000.00